000 00393 a2200169 4500
001 188110
020 _a978-85-08-11514-3
040 _cMagnum
100 _aFreeman, Mylo
240 1 0 _aPrincesa Arabela, mimada que só ela!
_lpor
245 1 0 _aPrincesa Arabela, mimada que só ela!
300 _a32
362 0 _a2008
440 1 _aÁtica
697 _aLITERATURA INFANTO
942 _cBK
999 _c188110
_d188110